MARC details
| 000 -LEADER |
| fixed length control field |
09025cam a2200721 4500 |
| 008 - FIXED-LENGTH DATA ELEMENTS--GENERAL INFORMATION |
| fixed length control field |
090401t1996 xxu||||| |||| 00| 0 eng d |
| 020 ## - INTERNATIONAL STANDARD BOOK NUMBER |
| International Standard Book Number |
0854067426 |
| 035 ## - SYSTEM CONTROL NUMBER |
| System control number |
(Sirsi) u64121 |
| 041 ## - LANGUAGE CODE |
| Language code of text/sound track or separate title |
eng |
| 050 ## - LIBRARY OF CONGRESS CALL NUMBER |
| Classification number |
690.072 |
| 090 ## - LOCALLY ASSIGNED LC-TYPE CALL NUMBER (OCLC); LOCAL CALL NUMBER (RLIN) |
| Classification number (OCLC) (R) ; Classification number, CALL (RLIN) (NR) |
RICS 1996/6ABCD |
| 110 ## - MAIN ENTRY--CORPORATE NAME |
| Corporate name or jurisdiction name as entry element |
Royal Institution of Chartered Surveyors |
| 9 (RLIN) |
4900 |
| 245 ## - TITLE STATEMENT |
| Title |
COBRA `95 : proceedings of the first RICS Construction and Building Research Conference held at Heriot-Watt University on 8th-9th September 1995. Volume 2 |
| Medium |
[electronic resource] |
| 260 ## - PUBLICATION, DISTRIBUTION, ETC. |
| Place of publication, distribution, etc. |
London |
| Name of publisher, distributor, etc. |
RICS |
| Date of publication, distribution, etc. |
1996 |
| 300 ## - PHYSICAL DESCRIPTION |
| Extent |
iv,288p. : ill. ; 30cm. |
| 350 ## - PRICE (NR) (BK AM CF MU VM SE) [OBSOLETE] |
| Price |
30 |
| 520 ## - SUMMARY, ETC. |
| Summary, etc. |
Volume 2 ISBN 0854067426. CONTENTS: - Cultivating continuous improvement in facilities management. - BARRETT P., SEXTON, M. & STANLEY, C. / A holistic estates information strategy. - WILLIAMS, A. & ANKER, K. / Strategic property management in not-for-profit organisations. - BALDRY, D. / Integrated, development management systems. - BARRETT, P. & SEXTON, M. / Strategic planning for the needs of the public housing stock. - HOLMES, R. & MARSHALL, D. / Functional utility in properties - a space management approach. - PITT, T. & GRIFFITH, G. / Trends in built assets management - implications on management and delivery of service. - THEN, D. / Fit for the task: producing an industry capable or repairing and maintaining the private housing stock. - LEATHER, P. & ROLFE, S. / School maintenance management: meeting the client`s need with a condition survey. - TURRELL, P. / Integrated housing management: the need for effective information systems. - ALLEN, S. & HINKS, J. / The management and control mechanisms needed for effective reactive maintenance systems - HANSON, H. / Just-in-time maintenance - SMYTH, H. & WOOD, B. / Incongruity of catch up repairs: towards a practical definition - RIYAT, R. / IT and building maintenance management - selecting an appropriate system - Jones, K.; BURROWS, C; COLLIS, S. / Sinking funds for major repairs provision: some calculated examples - BOWLES, G.; GOW, H. / Moisture measurement in masonry: guidance for surveyors - HOWELL, J. / Options for the rehabilitation of buildings suffering from corrosion in reinforced concrete - BANFILL, P. / Design of dwellings and accidents involving children - RENNIE, D.; FORD, N. / Who needs energy labelling? An assessment of energy efficiency measures adopted in UK housing in response to perceived client need - Davies, H. / Thermal performance of West Country cob cottage - GOODHEW, S.; GRINDLEY, P.; PROBERT S. / How 'green' are residential prefabricated building systems? - OUTHRED, G.; GRAHAM P. / Construction maintenance - the consequences and probability of failure - MORTON, C.; GRANT, F. / Re-engineering the processes of construction engineering and design: islands of automation to integration - HAZELHURST, G. / Business process re-engineering in the construction industry: a production engineering tool. - FOWLER, C. / Strategy formulation and implementation for the use of information technology in the construction industry - HAMILTON, A.; LONGHURST, S.; FORD, P. / An equilibrium theory of the property market - SAMPSON, A. / Risk management and international construction projects - LOWE, J.; WHITWORTH, T. / Strategic advantage through cross-holdings in UK and EU construction organisations - SOMMERVILLE, J. / Life span assessment of building components - ALLWINKLE, S. J. |
| 650 ## - SUBJECT ADDED ENTRY--TOPICAL TERM |
| Topical term or geographic name entry element |
BUILDING RESEARCH |
| 650 ## - SUBJECT ADDED ENTRY--TOPICAL TERM |
| Topical term or geographic name entry element |
CLIENT NEEDS |
| 650 ## - SUBJECT ADDED ENTRY--TOPICAL TERM |
| Topical term or geographic name entry element |
COBRA 95 |
| 650 ## - SUBJECT ADDED ENTRY--TOPICAL TERM |
| Topical term or geographic name entry element |
CONSTRUCTION AND BUILDING RESEARCH |
| 650 ## - SUBJECT ADDED ENTRY--TOPICAL TERM |
| Topical term or geographic name entry element |
CONSTRUCTION INDUSTRY |
| 650 ## - SUBJECT ADDED ENTRY--TOPICAL TERM |
| Topical term or geographic name entry element |
CONSTRUCTION MANAGEMENT |
| 9 (RLIN) |
6230 |
| 650 ## - SUBJECT ADDED ENTRY--TOPICAL TERM |
| Topical term or geographic name entry element |
CONSTRUCTION RESEARCH |
| 650 ## - SUBJECT ADDED ENTRY--TOPICAL TERM |
| Topical term or geographic name entry element |
CONTAMINATED LAND |
| 650 ## - SUBJECT ADDED ENTRY--TOPICAL TERM |
| Topical term or geographic name entry element |
DESIGN AND BUILD |
| 650 ## - SUBJECT ADDED ENTRY--TOPICAL TERM |
| Topical term or geographic name entry element |
FACILITIES PROGRAMMING |
| 650 ## - SUBJECT ADDED ENTRY--TOPICAL TERM |
| Topical term or geographic name entry element |
FLOOD DAMAGE |
| 650 ## - SUBJECT ADDED ENTRY--TOPICAL TERM |
| Topical term or geographic name entry element |
LIFE CYCLE COSTING |
| 650 ## - SUBJECT ADDED ENTRY--TOPICAL TERM |
| Topical term or geographic name entry element |
Project management |
| 9 (RLIN) |
6261 |
| 650 ## - SUBJECT ADDED ENTRY--TOPICAL TERM |
| Topical term or geographic name entry element |
Quantity surveying |
| 9 (RLIN) |
6263 |
| 690 ## - LOCAL SUBJECT ADDED ENTRY--TOPICAL TERM (OCLC, RLIN) |
| Topical term or geographic name as entry element |
BUILT ENVIRONMENT |
| 856 40 - ELECTRONIC LOCATION AND ACCESS |
| Uniform Resource Identifier |
<a href="https://www.rics.org/Global/Downloads/CultivatingContinuousImprovementsFacilitiesManagement199509.pdf">https://www.rics.org/Global/Downloads/CultivatingContinuousImprovementsFacilitiesManagement199509.pdf</a> |
| Public note |
View 'Cultivating continuous improvements in facilities management' at www.rics.org... |
| 856 40 - ELECTRONIC LOCATION AND ACCESS |
| Uniform Resource Identifier |
<a href="https://www.rics.org/Global/Downloads/HolisticEstatesInformationStrategy1995.pdf">https://www.rics.org/Global/Downloads/HolisticEstatesInformationStrategy1995.pdf</a> |
| Public note |
View 'A holistic estates information strategy' at www.rics.org... |
| 856 40 - ELECTRONIC LOCATION AND ACCESS |
| Uniform Resource Identifier |
<a href="https://www.rics.org/Global/Downloads/StrategicPropertyManagement1995.pdf">https://www.rics.org/Global/Downloads/StrategicPropertyManagement1995.pdf</a> |
| Public note |
View 'Strategic property management in not-for-profit organisations' at www.rics.org... |
| 856 40 - ELECTRONIC LOCATION AND ACCESS |
| Uniform Resource Identifier |
<a href="https://www.rics.org/Global/Downloads/IntegratedDevelopmentalManagementSystems199509.pdf">https://www.rics.org/Global/Downloads/IntegratedDevelopmentalManagementSystems199509.pdf</a> |
| Public note |
View 'Integrated, developmental management systems' at www.rics.org... |
| 856 40 - ELECTRONIC LOCATION AND ACCESS |
| Uniform Resource Identifier |
<a href="https://www.">https://www.</a> |
| Public note |
View '' at www.rics.org... |
| 856 40 - ELECTRONIC LOCATION AND ACCESS |
| Uniform Resource Identifier |
<a href="https://www.rics.org/Global/Downloads/FunctionalUtilityProperties199509.pdf">https://www.rics.org/Global/Downloads/FunctionalUtilityProperties199509.pdf</a> |
| Public note |
View 'Functional utility in properties: a space management approach' at www.rics.org... |
| 856 40 - ELECTRONIC LOCATION AND ACCESS |
| Uniform Resource Identifier |
<a href="https://www.rics.org/Global/Downloads/TrendsBuiltAssetsMaintenanceManagement199509.pdf">https://www.rics.org/Global/Downloads/TrendsBuiltAssetsMaintenanceManagement199509.pdf</a> |
| Public note |
View 'Trends in built assets maintenance management - implications on management and service delivery' at www.rics.org... |
| 856 40 - ELECTRONIC LOCATION AND ACCESS |
| Uniform Resource Identifier |
<a href="https://www.rics.org/Global/Downloads/FitForTaskProducingIndustry199509.pdf">https://www.rics.org/Global/Downloads/FitForTaskProducingIndustry199509.pdf</a> |
| Public note |
View 'Fit for the task: producing an industry capable of repairing and maintaining the private housing stock' at www.rics.org... |
| 856 40 - ELECTRONIC LOCATION AND ACCESS |
| Uniform Resource Identifier |
<a href="https://www.">https://www.</a> |
| Public note |
View '' at www.rics.org... |
| 856 40 - ELECTRONIC LOCATION AND ACCESS |
| Uniform Resource Identifier |
<a href="https://www.rics.org/Global/Downloads/IntegratedHousingManagementMaintenance1995.pdf">https://www.rics.org/Global/Downloads/IntegratedHousingManagementMaintenance1995.pdf</a> |
| Public note |
View 'Integrated housing management and maintenance: the need for effective information systems' at www.rics.org... |
| 856 40 - ELECTRONIC LOCATION AND ACCESS |
| Uniform Resource Identifier |
<a href="https://www.rics.org/Global/Downloads/JustInTimeMaintenance1995.pdf">https://www.rics.org/Global/Downloads/JustInTimeMaintenance1995.pdf</a> |
| Public note |
View 'Just-in-time maintenance' at www.rics.org... |
| 856 40 - ELECTRONIC LOCATION AND ACCESS |
| Uniform Resource Identifier |
<a href="https://www.rics.org/Global/Downloads/IncongruityCatchUpRepairs1995.pdf">https://www.rics.org/Global/Downloads/IncongruityCatchUpRepairs1995.pdf</a> |
| Public note |
View 'Incongruity of catch up repairs: towards a practical definition' at www.rics.org... |
| 856 40 - ELECTRONIC LOCATION AND ACCESS |
| Uniform Resource Identifier |
<a href="https://www.rics.org/Global/Downloads/ITBuildingMaintenanceManagement1995.pdf">https://www.rics.org/Global/Downloads/ITBuildingMaintenanceManagement1995.pdf</a> |
| Public note |
View 'IT and building maintenance management: selecting an appropriate system' at www.rics.org... |
| 856 40 - ELECTRONIC LOCATION AND ACCESS |
| Uniform Resource Identifier |
<a href="https://www.rics.org/Global/Downloads/SinkingFundsMajorRepairsProvision1995.pdf">https://www.rics.org/Global/Downloads/SinkingFundsMajorRepairsProvision1995.pdf</a> |
| Public note |
View 'Sinking funds for major repairs provision: some calculated examples' at www.rics.org... |
| 856 40 - ELECTRONIC LOCATION AND ACCESS |
| Uniform Resource Identifier |
<a href="https://www.rics.org/Global/Downloads/MoistureMeasurementMasonry199509.pdf">https://www.rics.org/Global/Downloads/MoistureMeasurementMasonry199509.pdf</a> |
| Public note |
View 'Moisture measurement in masonry: guidance for surveyors' at www.rics.org... |
| 856 40 - ELECTRONIC LOCATION AND ACCESS |
| Uniform Resource Identifier |
<a href="https://www.rics.org/Global/Downloads/RehabilitationBuildingsSufferingCorrosionReinforcedConcrete1995.pdf">https://www.rics.org/Global/Downloads/RehabilitationBuildingsSufferingCorrosionReinforcedConcrete1995.pdf</a> |
| Public note |
View 'Options for the rehabilitation of buildings suffering from corrosion in reinforced concrete' at www.rics.org... |
| 856 40 - ELECTRONIC LOCATION AND ACCESS |
| Uniform Resource Identifier |
<a href="https://www.rics.org/Global/Downloads/DesignDwellingsAccidentsInvolvingChildren1995.pdf">https://www.rics.org/Global/Downloads/DesignDwellingsAccidentsInvolvingChildren1995.pdf</a> |
| Public note |
View 'Design of dwellings and accidents involving children' at www.rics.org... |
| 856 40 - ELECTRONIC LOCATION AND ACCESS |
| Uniform Resource Identifier |
<a href="https://www.rics.org/Global/Downloads/WhoNeedsEnergyLabelling1995.pdf">https://www.rics.org/Global/Downloads/WhoNeedsEnergyLabelling1995.pdf</a> |
| Public note |
View 'Who needs energy labelling? An assessment of energy efficiency measures adopted in UK housing in response to perceived client need' at www.rics.org... |
| 856 40 - ELECTRONIC LOCATION AND ACCESS |
| Uniform Resource Identifier |
<a href="https://www.">https://www.</a> |
| Public note |
View '' at www.rics.org... |
| 856 40 - ELECTRONIC LOCATION AND ACCESS |
| Uniform Resource Identifier |
<a href="https://www.rics.org/Global/Downloads/HowGreen1995.pdf">https://www.rics.org/Global/Downloads/HowGreen1995.pdf</a> |
| Public note |
View 'How 'green' are residential prefabricated building systems?' at www.rics.org... |
| 856 40 - ELECTRONIC LOCATION AND ACCESS |
| Uniform Resource Identifier |
<a href="https://www.rics.org/Global/Downloads/ConstructionMaintenance199507.pdf">https://www.rics.org/Global/Downloads/ConstructionMaintenance199507.pdf</a> |
| Public note |
View 'Construction maintenance - the consequences and probability of failure' at www.rics.org... |
| 856 40 - ELECTRONIC LOCATION AND ACCESS |
| Uniform Resource Identifier |
<a href="https://www.rics.org/Global/Downloads/ProcessesConstructionEngineeringDesign199509.pdf">https://www.rics.org/Global/Downloads/ProcessesConstructionEngineeringDesign199509.pdf</a> |
| Public note |
View 'Re-engineering the processes of construction engineering and design: islands of automation to integration' at www.rics.org... |
| 856 40 - ELECTRONIC LOCATION AND ACCESS |
| Uniform Resource Identifier |
<a href="https://www.rics.org/Global/Downloads/economics_of_organic_farming__19990101.pdf">https://www.rics.org/Global/Downloads/economics_of_organic_farming__19990101.pdf</a> |
| Public note |
View 'Business process re-engineering in the construction industry: a production engineering tool.' at www.rics.org... |
| 856 40 - ELECTRONIC LOCATION AND ACCESS |
| Uniform Resource Identifier |
<a href="https://www.rics.org/Global/Downloads/StrategyFormulationImplementationUseIT199509.pdf">https://www.rics.org/Global/Downloads/StrategyFormulationImplementationUseIT199509.pdf</a> |
| Public note |
View 'Strategy formulation and implementation for the use of information technology in the construction industry' at www.rics.org... |
| 856 40 - ELECTRONIC LOCATION AND ACCESS |
| Uniform Resource Identifier |
<a href="https://www.rics.org/Global/Downloads/EquilibriumTheoryPropertyMarket199509.pdf">https://www.rics.org/Global/Downloads/EquilibriumTheoryPropertyMarket199509.pdf</a> |
| Public note |
View 'An equilibrium theory of the property market' at www.rics.org... |
| 856 40 - ELECTRONIC LOCATION AND ACCESS |
| Uniform Resource Identifier |
<a href="https://www.rics.org/Global/Downloads/RiskManagementInternationalProjects199509.pdf">https://www.rics.org/Global/Downloads/RiskManagementInternationalProjects199509.pdf</a> |
| Public note |
View 'Risk management for international projects' at www.rics.org... |
| 856 40 - ELECTRONIC LOCATION AND ACCESS |
| Uniform Resource Identifier |
<a href="https://www.rics.org/Global/Downloads/StrategicAdvantageThroughCrossHoldings199509.pdf">https://www.rics.org/Global/Downloads/StrategicAdvantageThroughCrossHoldings199509.pdf</a> |
| Public note |
View 'Strategic advantage through cross-holdings in UK and EU construction organisations' at www.rics.org... |
| 856 40 - ELECTRONIC LOCATION AND ACCESS |
| Uniform Resource Identifier |
<a href="https://www.rics.org/Global/Downloads/LifeSpanAssessmentBuildingComponents1995.pdf">https://www.rics.org/Global/Downloads/LifeSpanAssessmentBuildingComponents1995.pdf</a> |
| Public note |
View 'Life span assessment of building components' at www.rics.org... |
| 942 ## - ADDED ENTRY ELEMENTS (KOHA) |
| Suppress in OPAC |
0 |
| 948 ## - LOCAL PROCESSING INFORMATION (OCLC); SERIES PART DESIGNATOR (RLIN) |
| c (OCLC) |
04/03/1997 |